| 000 | 00714cam a22002417a 4500 | ||
|---|---|---|---|
| 008 | |||
| 020 | _a0077218949 (pbk.) | ||
| 049 | _aMAIN | ||
| 090 |
_aQE44 _bJON |
||
| 100 | 1 | _aJones, Norris W. | |
| 245 | 1 | 0 |
_aLaboratory manual for physical geology / _cNorris W. Jones and Charles E. Jones. |
| 250 | _a6th ed. | ||
| 260 |
_aBoston : _bMcGraw Hill, _cc2008. |
||
| 300 |
_axii, 352 p. : _bill (some col.) ; _c27 cm. |
||
| 500 | _aIncludes index. | ||
| 650 | 0 |
_aPhysical geology _vLaboratory manuals. |
|
| 700 | 1 | _aJones, Charles E. | |
| 907 |
_a.b10309810 _b11-07-12 _c01-03-12 |
||
| 003 | |||
| 005 | 20230123125415.0 | ||
| 040 | _cNUST | ||
| 942 |
_cBOOKS _kQE44 _mJON |
||
| 999 |
_c140988 _d140988 |
||